Central Library OPAC University of Rajshahi

তাল-বেতাল / (Record no. 47375)

MARC details
000 -LEADER
fixed length control field 00762nam a2200229 a 4500
001 - CONTROL NUMBER
control field 47375
003 - CONTROL NUMBER IDENTIFIER
rucl marc code BD-RjUL
005 - DATE AND TIME OF LATEST TRANSACTION
control field 20211209054313.0
008 - FIXED-LENGTH DATA ELEMENTS--GENERAL INFORMATION
fixed length control field 160808r20051994ii ||||| |||| 00| 0 ben d
020 ## - INTERNATIONAL STANDARD BOOK NUMBER
International Standard Book Number 8170795672
Terms of availability : Tk. 80.00
035 ## - SYSTEM CONTROL NUMBER
System control number (BD-RjUL)47494
040 ## - CATALOGING SOURCE
Original cataloging agency BD-RjUL
Language of cataloging ben
Transcribing agency BD-RjUL
041 ## - LANGUAGE CODE
Language code of text/sound track or separate title ben
082 ## - DEWEY DECIMAL CLASSIFICATION NUMBER
Edition number 23
Classification number 364
Author mark and year MIT 2005
100 1# - MAIN ENTRY--PERSONAL NAME
Personal name মিত্র, অশোক
9 (RLIN) 121303
245 10 - TITLE STATEMENT
Title তাল-বেতাল /
Statement of responsibility, etc. অশোক মিত্র
260 ## - PUBLICATION, DISTRIBUTION, ETC. (IMPRINT)
Place of publication, distribution, etc. কলকাতা :
Name of publisher, distributor, etc. দে'জ পাবলিশিং,
Date of publication, distribution, etc. ১৯৯৪ [মুদ্রণ ২০০৫]
300 ## - PHYSICAL DESCRIPTION
Pagination ২০২ পৃ. ;
Size ২২ সেমি.
650 ## - SUBJECT ADDED ENTRY--TOPICAL TERM
Topical term or geographic name as entry element অপরাধতত্ব
9 (RLIN) 144138
Topical term or geographic name as entry element criminology
9 (RLIN) 144139
942 ## - ADDED ENTRY ELEMENTS (KOHA)
Source of classification or shelving scheme Dewey Decimal Classification
Koha item type Books
Holdings
Lost status Source of classification or shelving scheme Damaged status Not for loan Collection code Permanent Location Current Location Shelving location Date acquired Source of acquisition Cost, normal purchase price Total Checkouts Full call number Date last seen Copy number Koha item type
  Dewey Decimal Classification     Non-fiction Central Library, University of Rajshahi Central Library, University of Rajshahi   11/03/2008 Paragon Enterprise Lit., Dhaka 80.00   B 364 MIT 2005 08/08/2016 C-2 Books
  Dewey Decimal Classification     Non-fiction Central Library, University of Rajshahi Central Library, University of Rajshahi   11/03/2008 Paragon Enterprise Lit., Dhaka 80.00   B 364 MIT 2005 08/08/2016 C-3 Books
  Dewey Decimal Classification     Non-fiction Central Library, University of Rajshahi Central Library, University of Rajshahi   11/03/2008 Paragon Enterprise Lit., Dhaka 80.00   B 364 MIT 2005 08/08/2016 C-4 Books
  Dewey Decimal Classification     Non-fiction Central Library, University of Rajshahi Central Library, University of Rajshahi   11/03/2008 Paragon Enterprise Ltd.Dhaka. 80.00   B 364 MIT 2005 13/11/2016 C--5 Books